00536nam a22001817a 4500020001800000082001500018100002200033245005600055250001000111260003200121300001000153650002000163650002500183650001500208942000700223999001900230952010500249 a9789362542557 aM3 bAKH/M aAkhil P Dharmajan aMercury island:blokavasanam/cby Akhil P Dharmajan a13th. aKottayam:bDC Books,c2026. a430p. aNovel Malayalam aLiterature Malayalam aLiterature cBK c181740d181740 00104070aSSUSbSSUScSTACKSd2026-05-21g499.00l0oM3 AKH/Mp108912r2026-05-21w2026-05-21yBK